Inception master quiz - Statistics

General Stats
  • This quiz has been taken 396 times
  • The average score is 12 of 21
Answer Stats
Hint? Answer % Correct
Year of release 2010
95%
Actor who plays the main character Leonardo DiCaprio
93%
Director Christopher Nolan
90%
The name of the main character Cobb
79%
How many speaking characters are in the fourth dream level? 4 (Cobb, Ariadne, Mal, Robert)
72%
How long does 5 minutes of dreaming last in real life? 1 hour
71%
What object do dreamers use to determine what's reality? Totem
65%
What faulty piece of architecture gives the first mission's dream away? Carpet
64%
Which city is used for the first dreaming lesson? Paris
62%
Movie tagline: The Dream Is... Real
62%
Actor who plays Arthur Joseph Gordon-Levitt
56%
Actor who plays Ariadne Ellen Page
55%
What word is used for when dreamers move back up a chain of dreams? A kick
51%
Character played by Ken Watanabe Saito
50%
What are the dreamers trying to enter in the third dream level? Guarded vault
49%
Character played by Tom Hardy Eames
45%
What is 528491 used as in the second dream level? Hotel room number
40%
What are desribed as white blood cells in dreams? Projections
34%
What are the names of the children the main character finally visits? James & Phillipa
25%
Which character is supposedly tortured in the first dream level? Peter Browning
21%
Why can't the main character go home? Supposedly killed his wife
19%
No matching quizzes found
Score Distribution
Percent of People with Each Score
Percentile by Number Answered
Your Score History
You have not taken this quiz